• 首页
  • 本馆介绍
  • 公告通知
  • 最新文献
  • 馆藏检索
  • 电子资源
  • 读者导购
  • 参考咨询
  • 我的图书馆
  • 登录
  • 详细信息显示
  • 放入我的书架
  • 预约/预借图书
  • 作者相关作品
  • 分类相关作品
  • 丛书相关作品
  • 出版社相关作品

书目信息

  • 表格格式
  • 工作单格式
  • 卡片格式
书名: The Chinese way in religion
作者: [by] Laurence G. Thompson.
分册号:
分册名:
出版地: Encino, Calif. :
 
出版社: Dickenson Pub. Co
出版时间: [1973].
页数: ix, 241 p. ;
开本: 23 cm.
丛书名:
中图分类号:
科图分类号:
其他分类号: B92
主题词:
电子资源:
000 00847cam a2200277 450
001 E0732778338
005 20070515090741.92
008 730503s1973 cau b 000 0 eng
010    @a72090753
020    @a0822101092.
035    @A(DLC) 72090753
040    @aDLC@cDLC@dDLC
043    @aa-cc---
050 00 @aBL1802@b.T52
082 00 @a200/.9/51
090    @aB92
099    @dB92@ex23
100 1  @aThompson, Laurence G.,@ecomp.
245 14 @aThe Chinese way in religion / @c[by] Laurence G. Thompson.
260    @aEncino, Calif. :@bDickenson Pub. Co.,@c[1973].
300    @aix, 241 p. ;@c23 cm.
490 0  @aThe Religious life of man
504    @aIncludes bibliographical references.
651  0 @aChina@xReligion.
906    @a7@bcbc@corignew@d2@eopcn@f19@gy-gencatlg
991    @bc-GenColl@hBL1802@i.T52@p00008342003@tCopy 1@wBOOKS
    
    The Chinese way in religion / / [by] Laurence G. Thompson.-Encino, Calif. : : Dickenson Pub. Co., , [1973].
    ix, 241 p. ; ; 23 cm.- (The Religious life of man )
    Includes bibliographical references.
    
    ISBN 0822101092.
    
●
相关链接 在E读中查询图书 在五车中查询图书 在当当中查询图书 在豆瓣中查询图书


正题名:Chinese way in religion     索取号:B92/x23         预约/预借

序号 登录号 条形码 馆藏地/架位号 状态 备注
1 9092   300090924   第二样本阅览室/ [索取号:B92/x23] 在馆    
2 9093   300090933   密集书库/ [索取号:B92/x23] 在馆    
3 9094   300090942   第四借阅区/ [索取号:B92/x23] 在馆    
4 9095   300090951   第四借阅区/ [索取号:B92/x23] 在馆    
5 9096   300090960   第四借阅区/ [索取号:B92/x23] 在馆    
唐山师范学院图书馆 欢迎您!
大连网信软件有限公司© 版权所有